| 000 | 00712nam a2200289Ia 4500 | ||
|---|---|---|---|
| 005 | 20260324113930.0 | ||
| 008 | 008 260324s9999 xx 000 0 eng d | ||
| 020 | _a9780429490873 | ||
| 037 | _aEBOOK | ||
| 040 | _aCRL | ||
| 040 | _beng | ||
| 040 | _cCRL | ||
| 041 | _2eng | ||
| 041 | _aeng | ||
| 084 | _qCRL | ||
| 100 |
_aPaul Belleflamme; Nicolas Neysen _91148752 |
||
| 245 | 0 | _aPlatform Strategies | |
| 245 | 2 | _bA Guidebook for Entrepreneurs in the Platform Economy | |
| 260 | _bTaylor and Francis | ||
| 260 | _c2023 | ||
| 365 | _a | ||
| 365 | _b55.99 | ||
| 856 | _uhttp://www.taylorfrancis.com/books/9780429490873 | ||
| 942 | _cEBOOK | ||
| 999 |
_c1738664 _d1738664 |
||